000
00428 a2200169 4500
260
_b
J.J. Augustin Publisher
300
_a
XIV-127 P.
100
_a
HERSKOVITS,M.J.
260
_a
J.J.Augustin Publisher
650
_a
SOCIOLOGIE
650
_a
BENIN
440
_a
Dahomey: an ancient west Kingdom Volume2
260
_c
1938
130
_l
en
999
_c
23737
_d
23737